Musicals! - Backwards with Vowels Removed - Statistics

General Stats
  • This quiz has been taken 283 times
  • The average score is 28 of 48
Answer Stats
Answer % Correct
1 NTLMH Hamilton
93%
1 DKCW Wicked
93%
1 TNR Rent
92%
1 STC Cats
88%
1 YRPSRH Hairspray
82%
1 TRBC Cabaret
80%
1 DLTM Matilda
75%
1 GCHC Chicago
73%
1 SSWN Newsies
71%
4 FR HT N RLDDF Fiddler On The Roof
70%
2 SLBRSM SL Les Miserables
70%
2 M MMM Mamma Mia
70%
5 RP HT F MTNHP HT The Phantom Of The Opera
70%
4 SRRRH F PHS LTTL Little Shop Of Horrors
69%
3 YRTS DS TSW West Side Story
69%
2 STB YKNK Kinky Boots
67%
1 SRHTH Heathers
66%
2 DDT YNWS Sweeney Todd
66%
4 NMRM F KB HT The Book Of Mormon
64%
2 Q VN Avenue Q
63%
3 SLLD DN SYG Guys And Dolls
62%
3 STHGH HT N In The Heights
62%
4 CSM F DNS HT The Sound Of Music
60%
4 WHS RRRH YKCR HT The Rocky Horror Show
59%
2 YLLD LLH Hello Dolly
58%
3 LLHC RM B Be More Chill
57%
3 RTSRPS TSRHC SSJ Jesus Christ Superstar
57%
3 GNK NL HT The Lion King
57%
3 NM CSM HT The Music Man
56%
2 TLL YLLB Billy Elliot
55%
3 SDW HT TN Into The Woods
54%
1 KRHS Shrek
53%
3 SD RVN VL Love Never Dies
50%
4 DN GNK HT The King And I
50%
1 SSRTW Waitress
50%
4 CSM THGN LTTL A Little Night Music
49%
2 SSRPX THGLRTS Starlight Express
49%
1 TV Evita
48%
5 TCMRD RLCNHCT GNZM HT DN HPSJ Joseph And The Amazing Technicolour Dreamcoat
48%
2 NGS SSM Miss Saigon
48%
2 DVLB TSNS Sunset Boulevard
44%
2 SG GNHTYN Anything Goes
37%
5 TRSD HT F NUQ LLCSRP Priscilla Queen of The Desert
35%
3 NL SRHC A Chorus Line
34%
2 TC RTSS Sister Act
30%
4 MJ TB GNKLT S'YDBYRV Everybody's Talking About Jamie
28%
1 CN Once
25%
1 NWTNR Urinetown
21%
No matching quizzes found
Score Distribution
Percent of People with Each Score
Percentile by Number Answered
Your Score History
You have not taken this quiz